000
00267nam a2200121Ia 4500
008
241002s9999 xx 000 0 und d
082
_a
297.64 CHA
100
_a
Chapman, J.A
245
0
_a
Maxims of Ali
260
_a
Lahore:
_c
N/A
600
_a
Religion
942
_c
UC
999
_c
18368
_d
18368